A new history of Gloucestershire (Record no. 113815)
[ view plain ]
| 000 -LEADER | |
|---|---|
| fixed length control field | 01621cam a22001935a 4500 |
| 001 - CONTROL NUMBER | |
| control field | L155776 |
| 008 - FIXED-LENGTH DATA ELEMENTS--GENERAL INFORMATION | |
| fixed length control field | 120416s1779 xxk f 000 0 eng d |
| 035 ## - SYSTEM CONTROL NUMBER | |
| System control number | (Sirsi) u155776 |
| 041 0# - LANGUAGE CODE | |
| Language code of text/sound track or separate title | eng |
| 100 1# - MAIN ENTRY--PERSONAL NAME | |
| Personal name | Rudder, Samuel |
| Dates associated with a name | 1726-1801 |
| 245 02 - TITLE STATEMENT | |
| Title | A new history of Gloucestershire |
| Remainder of title | Comprising the topography, antiquities, curiosities, produce, trade, and manufactures of that county; the foundation-charters and endowments of abbies, and other religious houses; the foundation of the bishoprick, &c. with a short biographical account of the bishops and deans; the names of the patrons and incumbents, and the antient and present value of all the ecclesiastical benefices; charters of incorporation, and civil government of the several boroughs; descriptions of the principal seats; descent of the manors; genealogies of families, with their arms, monumental inscriptions, &c. In the course of this work is given the history of every parish, tithing, and extraparochial place in the county. Also the ecclesiastical, civil, and military history of the city of Gloucester, from its first foundation to the present time. With a copy of Domesday-book for Gloucestershire, now first printed in the language, and after the manner of the original. Illustrated with a map of the county, views of gentlemen's seats, &c. &c. |
| 260 ## - PUBLICATION, DISTRIBUTION, ETC. | |
| Place of publication, distribution, etc. | Cirencester |
| Name of publisher, distributor, etc. | printed by Samuel Rudder |
| Date of publication, distribution, etc. | 1779 |
| 300 ## - PHYSICAL DESCRIPTION | |
| Extent | x, 855, [1], lxviiip., plates |
| Other physical details | maps |
| Dimensions | 2o |
| 520 ## - SUMMARY, ETC. | |
| Summary, etc. | Dedication signed: Samuel Rudder. |
| 583 0# - ACTION NOTE | |
| Action | Condition reviewed |
| Time/date of action | 20120620 |
| Status | condition level 2 |
| 651 #4 - SUBJECT ADDED ENTRY--GEOGRAPHIC NAME | |
| Geographic name | England |
| Chronological subdivision | 886- |
| 690 ## - LOCAL SUBJECT ADDED ENTRY--TOPICAL TERM (OCLC, RLIN) | |
| Topical term or geographic name as entry element | Infrastructure |
| 9 (RLIN) | 6246 |
| 942 ## - ADDED ENTRY ELEMENTS (KOHA) | |
| Suppress in OPAC | 0 |
| Withdrawn status | Lost status | Source of classification or shelving scheme | Damaged status | Not for loan | Home library | Current library | Shelving location | Date acquired | Total Checkouts | Full call number | Barcode | Date last seen | Copy number | Price effective from | Koha item type |
|---|---|---|---|---|---|---|---|---|---|---|---|---|---|---|---|
| Dewey Decimal Classification | Historic collection | Historic collection | Historic collection | 16/04/2012 | FOLIO 1779 RUDDER | 30075533 | 06/08/2019 | 1 | 06/08/2019 | Book |